[Event "3rd Memorial Warakomska 2019"]
[Site "Suwalki"]
[Date "2019.08.10"]
[Round "7.43"]
[White "Lis, Mateusz"]
[Black "Balinski, Damian"]
[Result "1-0"]
[WhiteElo "2007"]
[BlackElo "2176"]
[Annotator "NA"]
[PlyCount "89"]
[EventDate "2019.08.05"]
[EventType "swiss"]
[EventCountry "POL"]
[SourceTitle "playchess.com"]
[Source "ChessBase"]
[SourceQuality "1"]
[TimeControl "40/5400+30:1800+30"]

1. e4 {[%emt 0:00:00]} d6 {[%emt 0:00:00]} 2. d4 {[%emt 0:00:00]} Nf6 {[%emt 0:00:00]} 3. Nc3 {[%emt 0:00:00]} g6 {[%emt 0:00:00]} 4. f3 {[%emt 0:04:55]} c6 {[%emt 0:00:00]} 5. Be3 {[%emt 0:00:07]} b5 {[%emt 0:00:00]} 6. Bd3 {[%emt 0:01:29]} Nbd7 {[%emt 0:02:20]} 7. Nge2 {[%emt 0:00:46]} b4 {[%emt 0:04:03]} 8. Na4 {[%emt 0:04:48]} e5 {[%emt 0:08:56]} 9. c3 {[%emt 0:05:56]} bxc3 {[%emt 0:12:21]} 10. Naxc3 {[%emt 0:01:29]} Bg7 {[%emt 0:08:28]} 11. Qa4 {[%emt 0:07:21]} Bb7 {[%emt 0:21:03]} 12. O-O {[%emt 0:01:21]} O-O {[%emt 0:00:53]} 13. Rfd1 {[%emt 0:00:49]} exd4 {[%emt 0:05:41]} 14. Nxd4 {[%emt 0:00:30]} Nc5 {[%emt 0:02:17]} 15. Qa3 {[%emt 0:01:42]} Ne8 {[%emt 0:05:16]} 16. Bf1 {[%emt 0:01:43]} Qe7 {[%emt 0:00:32]} 17. Re1 {[%emt 0:01:25]} Nc7 {[%emt 0:02:12]} 18. Rad1 {[%emt 0:00:16]} Rfd8 {[%emt 0:00:12]} 19. Bf2 {[%emt 0:00:59]} N7e6 {[%emt 0:04:44]} 20. Nxe6 {[%emt 0:04:36]} Nxe6 {[%emt 0:06:00]} 21. e5 {[%emt 0:02:20]} Bf8 {[%emt 0:00:02]} 22. exd6 {[%emt 0:10:01]} Rxd6 {[%emt 0:00:01]} 23. Bc5 {[%emt 0:00:46]} Rxd1 {[%emt 0:00:03]} 24. Bxe7 {[%emt 0:00:06]} Rxe1 {[%emt 0:00:04]} 25. Bxf8 {[%emt 0:00:04]} Nxf8 {[%emt 0:01:48]} 26. Ne4 {[%emt 0:03:37]} Rxe4 {[%emt 0:08:27]} 27. fxe4 {[%emt 0:00:17]} Bc8 {[%emt 0:00:33]} 28. Ba6 {[%emt 0:02:08]} Bxa6 {[%emt 0:01:24]} 29. Qxa6 {[%emt 0:00:02]} c5 {[%emt 0:00:16]} 30. h3 {[%emt 0:01:01]} Ne6 {[%emt 0:01:05]} 31. Qb7 {[%emt 0:00:23]} Rd8 {[%emt 0:00:14]} 32. Qxa7 {[%emt 0:00:05]} Kg7 {[%emt 0:02:07]} 33. a4 {[%emt 0:00:10]} Rd1+ {[%emt 0:01:54]} 34. Kh2 {[%emt 0:00:36]} Rb1 {[%emt 0:01:10]} 35. Qb8 {[%emt 0:00:52]} Ra1 {[%emt 0:01:48]} 36. Qb5 {[%emt 0:05:37]} Kf6 {[%emt 0:01:00]} 37. a5 {[%emt 0:01:06]} Ke7 {[%emt 0:00:39]} 38. a6 {[%emt 0:02:38]} Kd8 {[%emt 0:00:35]} 39. a7 {[%emt 0:00:48]} Nc7 {[%emt 0:00:05]} 40. Qxc5 {[%emt 0:00:00]} Kc8 {[%emt 0:00:00]} 41. Qb6 {[%emt 0:01:05]} Ra2 {[%emt 0:03:15]} 42. b4 {[%emt 0:01:02]} h5 {[%emt 0:00:46]} 43. b5 {[%emt 0:00:32]} Rb2 {[%emt 0:00:15]} 44. Qb8+ {[%emt 0:00:21]} Kd7 {[%emt 0:00:03]} 45. b6 {[%emt 0:00:15]} 1-0

[Event "3rd Memorial Warakomska 2019"]
[Site "Suwalki"]
[Date "2019.08.10"]
[Round "7.44"]
[White "Wolanski, Michal"]
[Black "Leskiewicz, Ignacy"]
[Result "0-1"]
[WhiteElo "2007"]
[BlackElo "2120"]
[Annotator "NA"]
[PlyCount "66"]
[EventDate "2019.08.05"]
[EventType "swiss"]
[EventCountry "POL"]
[SourceTitle "playchess.com"]
[Source "ChessBase"]
[SourceQuality "1"]
[TimeControl "40/5400+30:1800+30"]

1. c4 {[%emt 0:00:00]} e5 {[%emt 0:00:00]} 2. g3 {[%emt 0:00:30]} Nc6 {[%emt 0:00:30]} 3. Bg2 {[%emt 0:00:30]} g6 {[%emt 0:00:30]} 4. Nc3 {[%emt 0:00:30]} Bg7 {[%emt 0:00:30]} 5. e3 {[%emt 0:00:30]} Nge7 {[%emt 0:00:00]} 6. Nge2 {[%emt 0:00:00]} O-O {[%emt 0:00:00]} 7. O-O {[%emt 0:00:00]} d6 {[%emt 0:07:34]} 8. d4 {[%emt 0:00:00]} Kh8 {[%emt 0:05:07]} 9. d5 {[%emt 0:00:00]} Nb8 {[%emt 0:07:13]} 10. e4 {[%emt 0:00:00]} Nd7 {[%emt 0:20:33]} 11. Be3 {[%emt 0:02:28]} a5 {[%emt 0:03:27]} 12. Qc2 {[%emt 0:09:12]} b6 {[%emt 0:05:14]} 13. a3 {[%emt 0:10:02]} h6 {[%emt 0:10:40]} 14. Nb5 {[%emt 0:11:53]} f5 {[%emt 0:14:19]} 15. f3 {[%emt 0:14:38]} Nf6 {[%emt 0:02:40]} 16. b4 {[%emt 0:13:14]} g5 {[%emt 0:02:14]} 17. c5 {[%emt 0:05:18]} g4 {[%emt 0:04:07]} 18. cxd6 {[%emt 0:02:54]} cxd6 {[%emt 0:00:01]} 19. Qc7 {[%emt 0:04:16]} Ba6 {[%emt 0:02:44]} 20. Qxd8 {[%emt 0:04:52]} Rfxd8 {[%emt 0:02:08]} 21. Nec3 {[%emt 0:01:39]} gxf3 {[%emt 0:00:28]} 22. Rxf3 {[%emt 0:02:23]} fxe4 {[%emt 0:03:33]} 23. Rxf6 {[%emt 0:00:13]} Bxf6 {[%emt 0:00:01]} 24. Bxb6 {[%emt 0:00:22]} Rdb8 {[%emt 0:05:03]} 25. bxa5 {[%emt 0:03:58]} Bxb5 {[%emt 0:01:34]} 26. Nxb5 {[%emt 0:00:02]} Nxd5 {[%emt 0:00:01]} 27. Bxe4 {[%emt 0:08:34]} Nxb6 {[%emt 0:00:05]} 28. axb6 {[%emt 0:00:10]} Ra4 {[%emt 0:00:39]} 29. Nxd6 {[%emt 0:02:31]} Rxb6 {[%emt 0:00:29]} 30. Bc2 {[%emt 0:00:10]} Rd4 {[%emt 0:01:41]} 31. Ne4 {[%emt 0:00:36]} Be7 {[%emt 0:00:22]} 32. a4 {[%emt 0:00:35]} Rb2 {[%emt 0:00:24]} 33. Rc1 {[%emt 0:02:49]} Rc4 {[%emt 0:00:01]} 0-1

[Event "3rd Memorial Warakomska 2019"]
[Site "Suwalki"]
[Date "2019.08.10"]
[Round "7.45"]
[White "Bommini Mounika Akshaya"]
[Black "Praczukowski, Stanislaw"]
[Result "0-1"]
[WhiteElo "2063"]
[BlackElo "2166"]
[Annotator "NA"]
[PlyCount "96"]
[EventDate "2019.08.05"]
[EventType "swiss"]
[EventCountry "POL"]
[SourceTitle "playchess.com"]
[Source "ChessBase"]
[SourceQuality "1"]
[TimeControl "40/5400+30:1800+30"]

1. d4 {[%emt 0:00:00]} Nf6 {[%emt 0:00:00]} 2. Bf4 {[%emt 0:00:00]} g6 {[%emt 0:00:00]} 3. e3 {[%emt 0:00:00]} Bg7 {[%emt 0:00:00]} 4. Nf3 {[%emt 0:00:00]} d6 {[%emt 0:00:02]} 5. Be2 {[%emt 0:00:00]} O-O {[%emt 0:00:09]} 6. O-O {[%emt 0:00:00]} Nc6 {[%emt 0:00:28]} 7. c4 {[%emt 0:04:28]} e5 {[%emt 0:03:14]} 8. dxe5 {[%emt 0:04:25]} Ne4 {[%emt 0:03:36]} 9. Qc2 {[%emt 0:17:52]} dxe5 {[%emt 0:04:05]} 10. Nxe5 {[%emt 0:26:22]} Bxe5 {[%emt 0:11:33]} 11. Bxe5 {[%emt 0:03:44]} Bf5 {[%emt 0:00:21]} 12. g4 {[%emt 0:10:59]} Nxe5 {[%emt 0:03:51]} 13. gxf5 {[%emt 0:00:47]} Qg5+ {[%emt 0:01:15]} 14. Kh1 {[%emt 0:00:06]} Qxf5 {[%emt 0:00:17]} 15. Kg2 {[%emt 0:00:29]} Qg5+ {[%emt 0:05:23]} 16. Kh1 {[%emt 0:00:09]} Qh4 {[%emt 0:02:06]} 17. Nc3 {[%emt 0:18:24]} Nxf2+ {[%emt 0:05:10]} 18. Kg1 {[%emt 0:00:38]} Nfg4 {[%emt 0:06:21]} 19. Bxg4 {[%emt 0:00:35]} Qxg4+ {[%emt 0:00:11]} 20. Kh1 {[%emt 0:00:25]} Qxc4 {[%emt 0:02:12]} 21. Rf4 {[%emt 0:03:12]} Qc6+ {[%emt 0:07:18]} 22. Kg1 {[%emt 0:00:39]} Rad8 {[%emt 0:01:55]} 23. e4 {[%emt 0:01:23]} Qc5+ {[%emt 0:01:21]} 24. Kh1 {[%emt 0:01:10]} c6 {[%emt 0:01:24]} 25. Qe2 {[%emt 0:01:00]} Rd3 {[%emt 0:01:19]} 26. Re1 {[%emt 0:01:31]} Rfd8 {[%emt 0:00:38]} 27. Rf2 {[%emt 0:00:30]} Qe7 {[%emt 0:11:42]} 28. Ref1 {[%emt 0:01:57]} Qh4 {[%emt 0:00:52]} 29. Rf4 {[%emt 0:00:36]} Qh3 {[%emt 0:01:15]} 30. R1f2 {[%emt 0:01:00]} b5 {[%emt 0:01:57]} 31. a3 {[%emt 0:00:23]} a5 {[%emt 0:00:12]} 32. Nb1 {[%emt 0:00:52]} R8d7 {[%emt 0:02:39]} 33. Rf1 {[%emt 0:00:22]} Nc4 {[%emt 0:02:20]} 34. e5 {[%emt 0:01:07]} Rd2 {[%emt 0:03:51]} 35. Nxd2 {[%emt 0:00:12]} Rxd2 {[%emt 0:00:05]} 36. R1f3 {[%emt 0:01:14]} Qh6 {[%emt 0:00:21]} 37. Qxd2 {[%emt 0:00:31]} Nxd2 {[%emt 0:00:11]} 38. Rf2 {[%emt 0:00:18]} Nc4 {[%emt 0:00:46]} 39. Rxf7 {[%emt 0:00:13]} Nxe5 {[%emt 0:01:37]} 40. Ra7 {[%emt 0:00:00]} Qc1+ {[%emt 0:00:00]} 41. Kg2 {[%emt 0:00:51]} Qg5+ {[%emt 0:00:32]} 42. Kf1 {[%emt 0:00:46]} a4 {[%emt 0:02:48]} 43. Re2 {[%emt 0:00:32]} Qf4+ {[%emt 0:01:27]} 44. Rf2 {[%emt 0:00:16]} Nf3 {[%emt 0:01:37]} 45. Ke2 {[%emt 0:01:19]} Qe4+ {[%emt 0:00:45]} 46. Kf1 {[%emt 0:00:42]} Qd3+ {[%emt 0:00:41]} 47. Kg2 {[%emt 0:00:17]} Nh4+ {[%emt 0:00:06]} 48. Kg1 {[%emt 0:00:15]} Qd1+ {[%emt 0:00:06]} 0-1

[Event "3rd Memorial Warakomska 2019"]
[Site "Suwalki"]
[Date "2019.08.10"]
[Round "7.46"]
[White "Checiak, Krzysztof"]
[Black "Czarniecka, Aleksandra"]
[Result "0-1"]
[WhiteElo "2057"]
[BlackElo "2042"]
[Annotator "NA"]
[PlyCount "128"]
[EventDate "2019.08.05"]
[EventType "swiss"]
[EventCountry "POL"]
[SourceTitle "playchess.com"]
[Source "ChessBase"]
[SourceQuality "1"]
[TimeControl "40/5400+30:1800+30"]

1. d4 {[%emt 0:00:00]} Nf6 {[%emt 0:00:00]} 2. Nf3 {[%emt 0:01:36]} g6 {[%emt 0:00:00]} 3. Nbd2 {[%emt 0:01:11]} Bg7 {[%emt 0:01:09]} 4. e4 {[%emt 0:00:17]} d6 {[%emt 0:02:27]} 5. Bd3 {[%emt 0:03:39]} O-O {[%emt 0:03:58]} 6. h3 {[%emt 0:00:20]} Nbd7 {[%emt 0:04:22]} 7. Nf1 {[%emt 0:00:33]} c5 {[%emt 0:04:59]} 8. c3 {[%emt 0:00:55]} c4 {[%emt 0:03:02]} 9. Bb1 {[%emt 0:01:05]} b5 {[%emt 0:12:00]} 10. a4 {[%emt 0:02:23]} Qa5 {[%emt 0:04:08]} 11. Bd2 {[%emt 0:02:26]} Bb7 {[%emt 0:07:07]} 12. Ng3 {[%emt 0:00:06]} a6 {[%emt 0:10:20]} 13. Bc2 {[%emt 0:00:16]} Qb6 {[%emt 0:00:51]} 14. O-O {[%emt 0:01:03]} e5 {[%emt 0:04:30]} 15. a5 {[%emt 0:02:16]} Qc7 {[%emt 0:00:33]} 16. d5 {[%emt 0:00:51]} Nc5 {[%emt 0:01:07]} 17. Qe2 {[%emt 0:03:50]} Bc8 {[%emt 0:01:26]} 18. Be3 {[%emt 0:00:31]} Ne8 {[%emt 0:04:23]} 19. Nd2 {[%emt 0:01:57]} f5 {[%emt 0:05:35]} 20. f4 {[%emt 0:03:53]} fxe4 {[%emt 0:01:18]} 21. fxe5 {[%emt 0:01:05]} Rxf1+ {[%emt 0:04:35]} 22. Rxf1 {[%emt 0:00:34]} Bxe5 {[%emt 0:03:11]} 23. Ngxe4 {[%emt 0:00:06]} Nxe4 {[%emt 0:00:23]} 24. Nxe4 {[%emt 0:02:02]} Bf5 {[%emt 0:02:58]} 25. Ng5 {[%emt 0:01:25]} Ng7 {[%emt 0:01:58]} 26. g4 {[%emt 0:01:35]} Bxc2 {[%emt 0:02:05]} 27. Qxc2 {[%emt 0:00:36]} Qe7 {[%emt 0:03:47]} 28. Qf2 {[%emt 0:02:55]} Rf8 {[%emt 0:09:20]} 29. Qxf8+ {[%emt 0:00:42]} Qxf8 {[%emt 0:00:03]} 30. Rxf8+ {[%emt 0:00:14]} Kxf8 {[%emt 0:00:03]} 31. Nxh7+ {[%emt 0:00:07]} Ke7 {[%emt 0:01:37]} 32. Kf2 {[%emt 0:00:39]} Ne8 {[%emt 0:01:01]} 33. Kf3 {[%emt 0:01:00]} b4 {[%emt 0:00:46]} 34. Bg5+ {[%emt 0:06:00]} Kf7 {[%emt 0:00:54]} 35. Bd2 {[%emt 0:00:09]} Nc7 {[%emt 0:00:14]} 36. Ke4 {[%emt 0:00:34]} Nb5 {[%emt 0:00:05]} 37. Ng5+ {[%emt 0:02:09]} Ke7 {[%emt 0:00:07]} 38. Nf3 {[%emt 0:01:27]} bxc3 {[%emt 0:00:16]} 39. bxc3 {[%emt 0:04:30]} Nxc3+ {[%emt 0:00:53]} 40. Bxc3 {[%emt 0:00:00]} Bxc3 {[%emt 0:00:00]} 41. h4 {[%emt 0:03:07]} Bxa5 {[%emt 0:05:02]} 42. Kd4 {[%emt 0:00:43]} c3 {[%emt 0:00:53]} 43. Kd3 {[%emt 0:00:05]} Kf6 {[%emt 0:06:13]} 44. Nd4 {[%emt 0:01:43]} Bb4 {[%emt 0:02:10]} 45. g5+ {[%emt 0:00:56]} Kf7 {[%emt 0:01:37]} 46. Ne2 {[%emt 0:01:55]} c2 {[%emt 0:01:49]} 47. Kxc2 {[%emt 0:01:00]} Be1 {[%emt 0:00:05]} 48. Nd4 {[%emt 0:00:36]} Bxh4 {[%emt 0:00:23]} 49. Nf3 {[%emt 0:00:04]} Bf2 {[%emt 0:04:16]} 50. Kd3 {[%emt 0:00:21]} Ke7 {[%emt 0:03:39]} 51. Kc4 {[%emt 0:00:24]} Kd7 {[%emt 0:01:00]} 52. Kb4 {[%emt 0:00:15]} Kc7 {[%emt 0:00:33]} 53. Ka4 {[%emt 0:00:26]} Be3 {[%emt 0:04:22]} 54. Ka5 {[%emt 0:00:21]} Kb7 {[%emt 0:00:51]} 55. Kb4 {[%emt 0:01:33]} Kb6 {[%emt 0:00:41]} 56. Kc4 {[%emt 0:00:02]} Ka5 {[%emt 0:01:12]} 57. Nh4 {[%emt 0:00:30]} Bxg5 {[%emt 0:00:07]} 58. Nxg6 {[%emt 0:00:04]} Ka4 {[%emt 0:01:10]} 59. Nf8 {[%emt 0:00:15]} a5 {[%emt 0:01:09]} 60. Nd7 {[%emt 0:00:16]} Ka3 {[%emt 0:00:54]} 61. Nb6 {[%emt 0:00:19]} Be3 {[%emt 0:00:34]} 62. Na8 {[%emt 0:00:46]} a4 {[%emt 0:00:49]} 63. Kb5 {[%emt 0:00:03]} Kb3 {[%emt 0:00:26]} 64. Kc6 {[%emt 0:01:53]} Bc5 {[%emt 0:00:43]} 0-1

[Event "3rd Memorial Warakomska 2019"]
[Site "Suwalki"]
[Date "2019.08.10"]
[Round "7.48"]
[White "Bachor, Tomasz"]
[Black "Nowak, Lukasz"]
[Result "0-1"]
[WhiteElo "2022"]
[BlackElo "2264"]
[Annotator "NA"]
[PlyCount "108"]
[EventDate "2019.08.05"]
[EventType "swiss"]
[EventCountry "POL"]
[SourceTitle "playchess.com"]
[Source "ChessBase"]
[SourceQuality "1"]
[TimeControl "40/5400+30:1800+30"]

1. d4 {[%emt 0:00:00]} Nf6 {[%emt 0:00:00]} 2. c4 {[%emt 0:00:00]} e6 {[%emt 0:00:00]} 3. Nc3 {[%emt 0:00:00]} Bb4 {[%emt 0:00:00]} 4. e3 {[%emt 0:00:02]} O-O {[%emt 0:00:06]} 5. Bd3 {[%emt 0:00:07]} d5 {[%emt 0:00:15]} 6. a3 {[%emt 0:00:10]} Bxc3+ {[%emt 0:00:10]} 7. bxc3 {[%emt 0:00:13]} dxc4 {[%emt 0:00:11]} 8. Bxc4 {[%emt 0:00:06]} c5 {[%emt 0:00:11]} 9. Nf3 {[%emt 0:01:24]} Qc7 {[%emt 0:00:15]} 10. Ba2 {[%emt 0:00:22]} b5 {[%emt 0:00:23]} 11. O-O {[%emt 0:04:19]} Bb7 {[%emt 0:00:10]} 12. Re1 {[%emt 0:05:32]} Nbd7 {[%emt 0:00:39]} 13. Bb2 {[%emt 0:05:14]} Nb6 {[%emt 0:02:29]} 14. Bb3 {[%emt 0:06:00]} Rfd8 {[%emt 0:05:49]} 15. Ne5 {[%emt 0:03:15]} Rab8 {[%emt 0:21:12]} 16. f3 {[%emt 0:04:59]} Nc4 {[%emt 0:02:58]} 17. Bxc4 {[%emt 0:05:18]} bxc4 {[%emt 0:04:42]} 18. Qc2 {[%emt 0:02:12]} Ba6 {[%emt 0:01:51]} 19. Qa4 {[%emt 0:09:55]} Rd6 {[%emt 0:05:57]} 20. Rab1 {[%emt 0:08:50]} Rdb6 {[%emt 0:03:31]} 21. Qc2 {[%emt 0:04:28]} cxd4 {[%emt 0:02:47]} 22. cxd4 {[%emt 0:02:42]} Qb7 {[%emt 0:00:43]} 23. Nxc4 {[%emt 0:02:38]} Bxc4 {[%emt 0:00:59]} 24. Qxc4 {[%emt 0:00:07]} Rxb2 {[%emt 0:00:12]} 25. Rxb2 {[%emt 0:00:31]} Qxb2 {[%emt 0:00:07]} 26. Qc7 {[%emt 0:00:10]} a6 {[%emt 0:02:15]} 27. Rc1 {[%emt 0:00:24]} h5 {[%emt 0:00:30]} 28. Rc2 {[%emt 0:00:35]} Qb6 {[%emt 0:00:36]} 29. Qxb6 {[%emt 0:01:30]} Rxb6 {[%emt 0:00:08]} 30. Rc8+ {[%emt 0:00:07]} Kh7 {[%emt 0:00:09]} 31. Ra8 {[%emt 0:00:07]} Nd5 {[%emt 0:00:42]} 32. e4 {[%emt 0:00:10]} Nf4 {[%emt 0:00:14]} 33. Kf2 {[%emt 0:00:21]} g5 {[%emt 0:00:24]} 34. g3 {[%emt 0:00:35]} Rb2+ {[%emt 0:01:35]} 35. Kf1 {[%emt 0:01:07]} Ng2 {[%emt 0:04:25]} 36. Rxa6 {[%emt 0:00:41]} Ne3+ {[%emt 0:00:19]} 37. Ke1 {[%emt 0:02:20]} Rxh2 {[%emt 0:00:28]} 38. d5 {[%emt 0:01:18]} exd5 {[%emt 0:08:21]} 39. exd5 {[%emt 0:00:36]} Nc2+ {[%emt 0:00:17]} 40. Kd1 {[%emt 0:00:00]} Nd4 {[%emt 0:00:00]} 41. a4 {[%emt 0:11:21]} Nxf3 {[%emt 0:03:41]} 42. Rf6 {[%emt 0:01:34]} g4 {[%emt 0:00:33]} 43. d6 {[%emt 0:02:48]} Kg7 {[%emt 0:00:35]} 44. Rf5 {[%emt 0:00:14]} Rd2+ {[%emt 0:00:27]} 45. Kc1 {[%emt 0:00:04]} Rxd6 {[%emt 0:00:19]} 46. Rxh5 {[%emt 0:00:05]} Ra6 {[%emt 0:05:17]} 47. a5 {[%emt 0:00:28]} f6 {[%emt 0:02:17]} 48. Rb5 {[%emt 0:04:55]} Ne5 {[%emt 0:01:01]} 49. Kc2 {[%emt 0:03:36]} Nc6 {[%emt 0:00:21]} 50. Rb6 {[%emt 0:00:54]} Rxb6 {[%emt 0:00:11]} 51. axb6 {[%emt 0:00:05]} f5 {[%emt 0:00:12]} 52. Kd3 {[%emt 0:00:12]} Kf6 {[%emt 0:00:11]} 53. Kc4 {[%emt 0:00:14]} Ke5 {[%emt 0:00:55]} 54. Kc5 {[%emt 0:00:21]} Nd8 {[%emt 0:00:36] Kd4+} 0-1

[Event "3rd Memorial Warakomska 2019"]
[Site "Suwalki"]
[Date "2019.08.11"]
[Round "8.1"]
[White "Tomczak, Jacek"]
[Black "Harsha Bharathakoti"]
[Result "1/2-1/2"]
[WhiteElo "2623"]
[BlackElo "2486"]
[Annotator "TA"]
[PlyCount "85"]
[EventDate "2019.08.05"]
[EventType "swiss"]
[EventCountry "POL"]
[SourceTitle "playchess.com"]
[Source "ChessBase"]
[SourceQuality "1"]

{[%evp 18,85,0,-4,37,31,38,10,63,58,58,60,61,59,116,97,89,93,90,93,87,91,93,85,71,71,108,120,110,0,0,0,0,-79,-77,-92,-89,-91,-38,-73,-57,-43,18,0,-3,0,8,6,24,13,17,0,5,5,23,23,23,23,18,18,28,0,0,-14,0,0,0,-25,0,0]} 1. e4 c5 2. Nf3 Nc6 3. d4 cxd4 4. Nxd4 Nf6 5. Nc3 d6 6. Bc4 e6 7. Be3 a6 8. Bb3 Qc7 9. Qe2 Be7 10. f4 O-O {B89: Sicilian: Velimirovic Attack} 11. f5 Nxd4 12. Bxd4 e5 ({Black should play} 12... b5 $11) 13. Be3 $146 {g4 is the strong threat.} ({Predecessor:} 13. Bf2 b5 14. a3 Bb7 15. g4 b4 16. axb4 d5 17. Nxd5 Nxd5 18. exd5 Bxb4+ {1-0 (47) Tomczak,J (2551)-Shishkin,V (2489) Lazy 2014}) 13... b5 $1 14. a3 $1 Bb7 15. Bg5 Rac8 (15... Rfc8 $14) 16. Bxf6 Bxf6 17. O-O-O Qb6 18. Nd5 Bxd5 19. Rxd5 Rc5 20. Rd3 a5 21. Rhd1 a4 22. Rxd6 Qb8 23. Ba2 (23. R6d5 $16 Qb6 24. Rxc5 Qxc5 25. Bd5) 23... b4 $36 {[%mdl 2048] Black fights for an advantage.} 24. axb4 $1 Qxb4 25. R1d3 (25. Qe1 $11 {remains equal.} Qb5 26. Qd2) 25... Bg5+ $17 {[%mdl 1024] Black has strong compensation.} 26. Kb1 Rb8 {[%csl Gb8][%cal Rb4b2]} 27. c4 h6 (27... Rcc8 $17 28. R6d5 a3) 28. Ka1 Rc7 (28... Kh7 $5 {[%cal Rg5c1]} 29. Qc2 Rc7 $11) 29. R6d5 Rcb7 (29... Kh7 $15) 30. Rb5 Rxb5 31. cxb5 Qxb5 {[#]} 32. Bc4 $1 {[%mdl 512]} Qb4 {White must now prevent ...Bc1.} ({Of course not} 32... Qxc4 $6 {[#]} 33. Rd8+ $1 {[%mdl 512]} Rxd8 34. Qxc4 $16) 33. Qc2 Be7 34. Qc3 Qb7 35. Bd5 Qb6 36. Ka2 a3 {[%cal Ra3b2]} 37. b3 $1 Bb4 38. Qc2 Kf8 39. f6 gxf6 40. Rf3 Rd8 41. Rf1 Kg7 42. Rf3 Kf8 43. Rf1 {Accuracy: White = 60%, Black = 46%.} 1/2-1/2

[Event "3rd Memorial Warakomska 2019"]
[Site "Suwalki"]
[Date "2019.08.11"]
[Round "8.2"]
[White "Markowski, Tomasz"]
[Black "Malakhatko, Vadim"]
[Result "1/2-1/2"]
[WhiteElo "2537"]
[BlackElo "2462"]
[Annotator "ChessBase"]
[PlyCount "47"]
[EventDate "2019.08.05"]
[EventType "swiss"]
[EventCountry "POL"]
[SourceTitle "playchess.com"]
[Source "ChessBase"]
[SourceQuality "1"]
[TimeControl "40/5400+30:1800+30"]

1. c4 {[%emt 0:00:00]} Nf6 {[%emt 0:00:00]} 2. g3 {[%emt 0:00:00]} c6 {[%emt 0:00:04]} 3. Nf3 {[%emt 0:00:00]} d5 {[%emt 0:00:47]} 4. Bg2 {[%emt 0:00:00]} g6 {[%emt 0:03:22]} 5. b3 {[%emt 0:00:02]} Bg7 {[%emt 0:00:07]} 6. Bb2 {[%emt 0:00:02]} Bg4 {[%emt 0:02:49]} 7. O-O {[%emt 0:00:08]} O-O {[%emt 0:00:08]} 8. d3 {[%emt 0:00:03]} Bxf3 {[%emt 0:00:12]} 9. Bxf3 {[%emt 0:00:04]} e6 {[%emt 0:00:21]} 10. Nd2 {[%emt 0:00:04]} Ne8 {[%emt 0:00:22]} 11. d4 {[%emt 0:01:49]} Nd6 {[%emt 0:02:26]} 12. Qc2 {[%emt 0:00:13]} Nd7 {[%emt 0:02:35]} 13. e3 {[%emt 0:00:43]} Re8 {[%emt 0:00:14]} 14. Rac1 {[%emt 0:00:47]} a5 {[%emt 0:04:48]} 15. a4 {[%emt 0:02:37]} h5 {[%emt 0:20:31]} 16. Rfd1 {[%emt 0:16:20]} Nf6 {[%emt 0:02:02]} 17. Bg2 {[%emt 0:00:13]} h4 {[%emt 0:00:30]} 18. Nf3 {[%emt 0:03:42]} Nf5 {[%emt 0:04:52]} 19. Ne5 {[%emt 0:01:25]} hxg3 {[%emt 0:03:04]} 20. hxg3 {[%emt 0:00:23]} Nd7 {[%emt 0:06:40]} 21. Nf3 {[%emt 0:04:51]} Nf6 {[%emt 0:04:18]} 22. Ne5 {[%emt 0:03:25]} Nd7 {[%emt 0:00:07]} 23. Nf3 {[%emt 0:06:20]} Nf6 {[%emt 0:00:07]} 24. Ne5 {[%emt 0:02:05]} 1/2-1/2